| 000 | 00373nam a2200133Ia 4500 | ||
|---|---|---|---|
| 008 | 220217s9999||||xx |||||||||||||| ||und|| | ||
| 020 | _a978-81-7029-848-9 | ||
| 082 | _a005.43 YAS | ||
| 100 | _aKanetkar, Yashavant | ||
| 245 | 0 | _aTest your unix skills | |
| 260 |
_aBPB publications _bNew Delhi _c2009 |
||
| 300 |
_aVII,202p.;25cm _b150 |
||
| 650 | _aOperating systems | ||
| 999 |
_c180648 _d180648 |
||